LEADER 01228nam a2200265 u 4500 001 000000013147 003 CaOOAMICUS 005 20070226105624.0 008 941210s1963 gw u000 u ger u 035 $a10315710 040 $aPUL(R)$bita$dBAV 100 1 $aHeyer, Friedrich.$0(OLS)http://pul/name/12419 245 14$aDie katholische Kirche vom Westfälischen Frieden bis zum Ersten Vatikanischen Konzil /$cvon Friedrich Heyer. 260 $aGöttingen :$bVandenhoeck & Ruprecht,$cc1963. 300 $a195 p. ;$c24 cm 490 1 $aDie Kirche in ihrer Geschichte ;$vBd. 4, Lfg. N (Teil 1) 504 $aBibliografia in nota. 650 4$aChiesa$xStoria$yEtà moderna.$0(OLS)http://pul/subject/1633 830 4$aDie Kirche in ihrer Geschichte ;$vBd. 4, Lfg. N (Teil 1).$0(OLS)http://pul/title/378 850 $aPUL 852 $aPUL$W1$xSL Filosofia 1$y2$m105(1) E 13$j18559$nBK-PRI$b $qStampati$B18559$CPULBib$Z2$F18559 $H $81 941 1 $a8 961 $aINV: 53398 996 $6245$aDie katholische Kirche vom Westfälischen Frieden bis zum Ersten Vatikanischen Konzil$9(OLS)http://pul/title/18987 996 $6260$aGöttingen :$bVandenhoeck & Ruprecht$9(OLS)http://pul/publisher/47973 LEADER 00972naa a2200229 u 4500 001 000000093674 003 CaOOAMICUS 005 20070226130135.0 008 010713m19641966fr u000 u fre u 035 $a10897260 040 $aPUL(R)$bita 100 1 $aVenturini, Gian Carlo,$d1911-$0(OLS)http://pul/name/60257 245 13$aLa portée et les effets juridiques des attitudes et des actes unilatéraux des états /$cpar G. Venturini. 260 $a[S. l. :$bs. n.],$c1964-1966. 300 $aP. [363-467] 504 $aBibliografia in nota. 650 4$aDiritto internazionale.$0(OLS)http://pul/subject/2505 650 4$aDiritto internazionale privato.$0(OLS)http://pul/subject/2921 773 0 $tRecueil des cours$gv.II (1964) 773 0 $tRecueil des cours 1964$w()60056 996 $6245$aLa portée et les effets juridiques des attitudes et des actes unilatéraux des états$9(OLS)http://pul/title/120535 996 $6260$a[S. l. :$bs. n.]$9(OLS)http://pul/publisher/47882